000 01000nam0a22002531 4500
001 rc\2764744
005 20260407095250.0
035 _a(NLR Aleph) 006891243
090 _a7149108
_c7149108
100 _a20110915d1940 |||y0rusy50 ca
101 0 _arus
102 _aRU
105 _aa z |||||
200 1 _aПавильон "Агролесомелиорация"
_eПутеводитель
_fСоставитель: П. С. Выставкин
_gВсес. с.-х. выставка
210 _aМосква
_cСельхозгиз
_d1940
215 _a48 с.
_cил.
_d17 см.
300 _aВ выпуск. данных указан составитель: П. С. Выставкин
702 1 _aВыставкин
_bП.С.
_4220
710 1 2 _aВсесоюзная сельскохозяйственная выставка
_f1939-1940
_eМосква
_3RU\NLR\AUTH\889922367
_9340734
801 0 _aRU
_bNLR
_gpsbo
801 1 _aRU
_bELAR
_2rusmarc
852 _aNLR
_j40-9/447
942 _cBOOK
980 _aNB